Historia dla klasy 7 szkoły podstawowej. Częsć 2., 1917-1939 /

Hlavní autor: Dohnal, Miloň, 1924-2004
Další autoři: Jílek, Tomáš, 1934-2020, Butvinová, Marta
Jazyk: Polština
Vydáno: Praha : Státní pedagogické nakladatelství, 1983
Vydání: 1. wyd.
Edice: Podręczniki dla szkoły podstawowej
Fyzický popis: 156 s. ; 20 cm
Knihy
Uloženo v:
LEADER 01230nam a22003252a 4500
001 001112340
003 CZ BrMZK
005 20110225133233.0
007 ta
008 100826s1983 xr er|||||||||||pol d
015 |a cnb000003728 
035 |a (OCoLC)39585511 
040 |a ABA001  |b cze  |d ABA001  |d BOA001 
041 1 |a pol  |h cze 
080 9 |a 372.894.05 
100 1 |a Dohnal, Miloň,  |d 1924-2004  |7 jk01022513  |4 aut 
245 1 0 |a Historia dla klasy 7 szkoły podstawowej.  |n Częsć 2., 1917-1939 /  |c opracowali Miloň Dohnal ; Tomáš Jílek ; Marta Butvinová ; z języka czeskiego przełożyła Eliza Jaxa-Rożen 
250 |a 1. wyd. 
260 |a Praha :  |b Státní pedagogické nakladatelství,  |c 1983 
300 |a 156 s. ;  |c 20 cm 
490 1 |a Podręczniki dla szkoły podstawowej 
500 |a Přeloženo z češtiny 
700 1 |a Jílek, Tomáš,  |d 1934-2020  |7 jn20000401277  |4 aut 
700 1 |a Butvinová, Marta  |7 jo2003193194  |4 aut 
765 1 |t Dějepis pro 7. ročník základní školy  |9 Polsky 
830 0 |a Podręczniki dla szkoły podstawowej  |0 s 
910 |a BOA001  |b 2-0853.672,2 
990 |a BK 
991 |b 201008 
996 6 |b 2619363938  |c 2-0853.672,2  |l MZK  |r Sklad / do 1 hodiny  |n 1  |w 001139863  |u 000010  |a 1  |e BOA001  |j MZK50  |s P